000 00516nam a22001937a 4500
003 OSt
005 20250611112116.0
008 250611b |||||||| |||| 00| 0 eng d
020 _a978-93-6487-988-9
040 _cSBCL
082 _a894.8123
_bSAN-T
100 _aSanthoshkumar,E
245 _aThapomayiyude Achan
250 _a5 th
260 _aKottayam
_bDC Books
_c2025
300 _a333p.
650 _2Literature
_aLiteratures of other languages
_v Altaic, Uralic, Hyperborean & Dravidian
942 _cBOOK
999 _c137018
_d137018